Исцеление словом (Запись № 291996)

Подробности
000 -МАРКЕР
контрольное поле 01451nam0a2200313 4500
001 - ИДЕНТИФИКАТОР ЗАПИСИ
контрольное поле RU\NLR\bibl\55578
005 - ИДЕНТИФИКАТОР ВЕРСИИ
контрольное поле 20250616085613.0
010 ## - МЕЖДУНАРОДНЫЙ СТАНДАРТНЫЙ НОМЕР КНИГИ (ISBN)
Номер (ISBN) 5-87177-002-9
Тираж 10000
035 ## - ДРУГИЕ СИСТЕМНЫЕ НОМЕРА
Идентификатор записи (NLR Aleph) 000054193
100 ## - ДАННЫЕ ОБЩЕЙ ОБРАБОТКИ
Данные общей обработки 19991028d1993 |||y0rusy50 ca
101 0# - ЯЗЫК РЕСУРСА
Язык текста, звукозаписи и т.д. русский
102 ## - СТРАНА ПУБЛИКАЦИИ ИЛИ ПРОИЗВОДСТВА
Страна публикации Российская Федерация
105 ## - ПОЛЕ КОДИРОВАННЫХ ДАННЫХ: ТЕКСТОВЫЕ МАТЕРИАЛЫ, МОНОГРАФИЧЕСКИЕ
Кодированные данные о монографическом текстовом документе c |||||||||
200 1# - ЗАГЛАВИЕ И СВЕДЕНИЯ ОБ ОТВЕТСТВЕННОСТИ
Основное заглавие Исцеление словом
Сведения, относящиеся к заглавию О лечении болезн. влечений методом целеб. зарока
-- [Сб. из материалов о деятельности Междунар. ин-та резерв. возможностей человека и о гл. специалисте МИРВЧ Г.И. Григорьеве
Первые сведения об ответственности Сост. и ред. С.В. Молева]
210 ## - ПУБЛИКАЦИЯ, РАСПРОСТРАНЕНИЕ И ДР.
Место издания, распространения и т.д. Псков
Имя издателя, распространителя и т. д. Отчина
Дата издания, распространения и т.д. 1993
215 ## - ФИЗИЧЕСКАЯ ХАРАКТЕРИСТИКА
Специфическое обозначение материала и объем 77,[2] с.
Другие сведения о физической характеристике портр.
Размеры 20
600 #1 - ИМЯ ЛИЦА КАК ПРЕДМЕТ
Начальный элемент ввода Григорьев
Часть имени, кроме начального элемента ввода Г. И.
Расширение инициалов личного имени Григорий Игоревич
Код системы psbo
601 02 - НАИМЕНОВАНИЕ ОРГАНИЗАЦИИ КАК ПРЕДМЕТ
Начальный элемент ввода Международный институт резервных возможностей человека
Идентифицирующий признак Санкт-Петербург
Код системы psbo
606 0# - НАИМЕНОВАНИЕ ТЕМЫ КАК ПРЕДМЕТ
Наименование темы Аутогенная тренировка
Формальный подзаголовок Сборники
Системный номер авторитетной/нормативной записи 1053120
Идентификатор авторитетной/нормативной записи RU\NLR\auth\6689255
686 ## - ИНДЕКСЫ ДРУГИХ КЛАССИФИКАЦИЙ
Индекс Р357.112я43
702 #1 - ИМЯ ЛИЦА - ВТОРИЧНАЯ ОТВЕТСТВЕННОСТЬ
Начальный элемент ввода Молева
Часть имени, кроме начального элемента ввода С. В.
Код отношения Составитель
801 #0 - ИСТОЧНИК ЗАПИСИ
Страна Российская Федерация
Организация NLR
Дата составления 19991028
Правила каталогизации PSBO
801 #1 - ИСТОЧНИК ЗАПИСИ
Страна Российская Федерация
Организация NLR
Дата составления 19991028
852 ## - МЕСТОНАХОЖДЕНИЕ И ШИФР ХРАНЕНИЯ
Идентификатор организации NLR
Шифр хранения (Call Number) 99-4/7539
942 ## - ДОПОЛНИТЕЛЬНЫЕ ЭЛЕМЕНТЫ ЗАПИСИ (АБИС)
Тип экземпляра АБИС Книга
980 ## - КОЛЛЕКЦИЯ
Название коллекции Национальная библиография
Экземпляры
Тип экземпляра Дата поступления Источник поступления Библиотека постоянного хранения Библиотека текущего хранения Место хранения Шифр хранения Штрих-код Статус экземпляра
Книга 31.07.2002 Дар РНБ (Московский) РНБ (Московский) Русский книжный фонд: издания с 1957 года 99-4/7539 1-304185